[Event "Niteroi op 3rd"]
[Site "Niteroi"]
[Date "2023.09.05"]
[Round "3"]
[White "Guilhon, Felipe Moreira"]
[Black "Campos, Alexandre Ferreira"]
[Result "1/2-1/2"]
[WhiteElo "1433"]
[BlackElo "2041"]
[PlyCount "101"]
[EventDate "2023.09.04"]
[EventType "swiss"]
[EventRounds "9"]
[EventCountry "BRA"]
[SourceTitle "EXT 2024"]
[Source "ChessBase"]
[SourceDate "2023.10.10"]
[SourceVersion "1"]
[SourceVersionDate "2023.10.10"]
[SourceQuality "1"]

1. d4 Nf6 2. Nf3 g6 3. g3 Bg7 4. Bg2 0-0 5. 0-0 d6 6. b3 Nbd7 7. Bb2 c6 8. c4 Re8 9. Re1 e5 10. dxe5 Ng4 11. Qd2 Ndxe5 12. Nxe5 dxe5 13. Qxd8 Rxd8 14. h3 Nh6 15. Nc3 Nf5 16. Rad1 Be6 17. Ne4 Nd4 18. Nc5 Nxe2+ 19. Kf1 Rxd1 20. Rxd1 Nd4 21. Nxb7 Rb8 22. Bxd4 exd4 23. Bxc6 Bxh3+ 24. Ke2 Bf5 25. Nd6 Bc2 26. Bd5 Bxd1+ 27. Kxd1 Rd8 28. Ne4 Kf8 29. b4 Ke7 30. Kc2 h5 31. a4 f6 32. f4 f5 33. Ng5 Bf6 34. Nf3 Rh8 35. Kd3 h4 36. gxh4 Bxh4 37. Ne5 Kf6 38. Kxd4 Bf2+ 39. Kd3 Be1 40. b5 Rh3+ 41. Ke2 Bb4 42. Nd3 Ba5 43. c5 g5 44. fxg5+ Kxg5 45. Be6 Rh4 46. Bb3 Re4+ 47. Kf3 Re7 48. Nf4 Bd2 49. Nd5 Rh7 50. b6 axb6 51. cxb6 1/2-1/2

[Event "Rio de Janeiro op 2nd"]
[Site "Rio de Janeiro"]
[Date "2023.05.02"]
[Round "1"]
[White "Campos, Alexandre Ferreira"]
[Black "Vaz, Vania Dora Madona"]
[Result "1-0"]
[WhiteElo "2049"]
[BlackElo "1270"]
[PlyCount "53"]
[EventDate "2023.05.02"]
[EventType "swiss"]
[EventRounds "9"]
[EventCountry "BRA"]
[SourceTitle "CBM 214 Extra"]
[Source "ChessBase"]
[SourceDate "2023.07.31"]
[SourceVersion "1"]
[SourceVersionDate "2023.07.31"]
[SourceQuality "1"]

1. g3 d5 2. f4 Nf6 3. Bg2 e6 4. Nf3 Nbd7 5. b3 h6 6. Bb2 Be7 7. 0-0 c5 8. e3 0-0 9. d3 b6 10. Nbd2 Bb7 11. Qe2 Re8 12. Rad1 Bd6 13. e4 e5 14. f5 d4 15. h3 a5 16. a4 Rc8 17. g4 Nh7 18. Qf2 Be7 19. Qg3 Bf6 20. Bc1 Kh8 21. h4 Rg8 22. Nc4 Qe7 23. g5 hxg5 24. hxg5 Rc6 25. Kf2 Bxg5 26. Nxg5 f6 27. Nxh7 1-0

[Event "Rio de Janeiro Duchamp op 4th"]
[Site "Rio de Janeiro"]
[Date "2022.12.10"]
[Round "4"]
[White "Campos, Alexandre Ferreira"]
[Black "Silva, Kaua Marques"]
[Result "0-1"]
[WhiteElo "2034"]
[BlackElo "2199"]
[PlyCount "90"]
[EventDate "2022.12.07"]
[EventType "swiss"]
[EventRounds "9"]
[EventCountry "BRA"]
[SourceTitle "CBM 211 Extra"]
[Source "ChessBase"]
[SourceDate "2023.01.31"]
[SourceVersion "1"]
[SourceVersionDate "2023.01.31"]
[SourceQuality "1"]

1. e4 c5 2. Nf3 e6 3. d4 cxd4 4. Nxd4 Nf6 5. Nc3 Nc6 6. Ndb5 d6 7. Bf4 e5 8. Bg5 a6 9. Na3 b5 10. Nd5 Be7 11. Bxf6 Bxf6 12. c3 0-0 13. Nc2 Bg5 14. a4 Bh6 15. g4 Bf4 16. Qf3 Be6 17. Nxf4 Qf6 18. g5 Qxf4 19. Qxf4 exf4 20. h4 bxa4 21. 0-0-0 Rfd8 22. Nd4 Ne5 23. Bh3 Bc4 24. Bf1 a3 25. b3 Be6 26. Bh3 Rdc8 27. Nxe6 Rxc3+ 28. Kb1 Rxb3+ 29. Ka1 Rf3 30. Nc7 Rb8 31. Rxd6 Nc4 32. Rxa6 Rxf2 33. Ra8 Rxa8 34. Nxa8 g6 35. Nc7 Kf8 36. Nd5 f3 37. Rc1 Nd2 38. Rc8+ Kg7 39. Ka2 Nxe4+ 40. Kxa3 Rh2 41. Ne7 f5 42. Bf1 Rxh4 43. Rc7 Kf8 44. Bc4 Nxg5 45. Kb3 f2 0-1

[Event "Niteroi op 2nd"]
[Site "Niteroi"]
[Date "2022.09.02"]
[Round "3"]
[White "De Souza, Regis Gabetta"]
[Black "Campos, Alexandre Ferreira"]
[Result "1-0"]
[WhiteElo "2245"]
[BlackElo "2042"]
[PlyCount "99"]
[EventDate "2022.09.01"]
[EventType "swiss"]
[EventRounds "9"]
[EventCountry "BRA"]
[SourceTitle "CBM 210 Extra"]
[Source "ChessBase"]
[SourceDate "2022.11.30"]
[SourceVersion "1"]
[SourceVersionDate "2022.11.30"]
[SourceQuality "1"]

1. d4 d5 2. c4 dxc4 3. e3 Nf6 4. Bxc4 e6 5. Nf3 c5 6. 0-0 cxd4 7. exd4 Be7 8. Qe2 0-0 9. Nc3 a6 10. a4 Nc6 11. Rd1 Nb4 12. Bf4 Nfd5 13. Bg3 b6 14. Rac1 Bb7 15. h3 Rc8 16. Bb3 Nf6 17. Ne5 Nbd5 18. Bc2 Ra8 19. Bb1 Nxc3 20. bxc3 b5 21. axb5 axb5 22. Bd3 Qd5 23. Nf3 Ra2 24. c4 Rxe2 25. cxd5 Rb2 26. Rc7 Bxd5 27. Rxe7 b4 28. Be5 Bxf3 29. gxf3 Nd5 30. Rb7 f6 31. Bd6 Rc8 32. Bc5 b3 33. Bc4 Nf4 34. Rxb3 Nxh3+ 35. Kh2 Rxb3 36. Bxb3 Nf4 37. Rb1 Kf7 38. Bc2 f5 39. Rb7+ Kf6 40. Bb3 g5 41. Bd6 Rc3 42. Be5+ Kg6 43. Bxf4 gxf4 44. Kg2 Rd3 45. Bxe6 Rxd4 46. Rb5 Kf6 47. Bxf5 h6 48. Be4 Rd7 49. Rb6+ Ke7 50. Rxh6 1-0

[Event "Niteroi op 2nd"]
[Site "Niteroi"]
[Date "2022.09.01"]
[Round "1"]
[White "Araujo, Barbara Ribeiro"]
[Black "Campos, Alexandre Ferreira"]
[Result "0-1"]
[WhiteElo "1523"]
[BlackElo "2042"]
[PlyCount "94"]
[EventDate "2022.09.01"]
[EventType "swiss"]
[EventRounds "9"]
[EventCountry "BRA"]
[SourceTitle "CBM 210 Extra"]
[Source "ChessBase"]
[SourceDate "2022.11.30"]
[SourceVersion "1"]
[SourceVersionDate "2022.11.30"]
[SourceQuality "1"]

1. c4 f5 2. Nc3 Nf6 3. g3 g6 4. Bg2 e5 5. d3 Bg7 6. e4 0-0 7. Nge2 Nc6 8. 0-0 d6 9. h3 Be6 10. Rb1 a5 11. a3 Qd7 12. Kh2 fxe4 13. dxe4 Bxc4 14. Be3 Nd4 15. Bxd4 exd4 16. Nxd4 Bxf1 17. Qxf1 Kh8 18. Rd1 Nh5 19. f4 Rae8 20. Qd3 c6 21. Nf3 Rd8 22. e5 d5 23. Na4 Qe7 24. Qc3 h6 25. Nh4 Kh7 26. Qc2 Qf7 27. Nc5 Nxf4 28. Rf1 Bxe5 29. Nd3 Bc7 30. Nxf4 Bxf4 31. Rxf4 Qg7 32. Ra4 Rd6 33. b4 axb4 34. Rxb4 Kg8 35. Qb3 Rd7 36. Qb1 Rf6 37. Nf3 Qe7 38. Nd4 c5 39. Rb5 cxd4 40. Bxd5+ Kg7 41. Bxb7 d3 42. Rb2 d2 43. Rxd2 Rxd2+ 44. Bg2 Rff2 45. Qa1+ Rb2 46. a4 Rxg2+ 47. Kh1 Rh2+ 0-1

[Event "Rio de Janeiro Estadual-ch"]
[Site "Rio de Janeiro"]
[Date "2021.11.13"]
[Round "1"]
[White "De Oliveira, Sergio Patricio"]
[Black "Campos, Alexandre Ferreira"]
[Result "0-1"]
[WhiteElo "1484"]
[BlackElo "2043"]
[PlyCount "68"]
[EventDate "2021.11.13"]
[EventType "swiss"]
[EventRounds "6"]
[EventCountry "BRA"]
[SourceTitle "CBM 205 Extra"]
[Source "ChessBase"]
[SourceDate "2022.01.31"]
[SourceVersion "1"]
[SourceVersionDate "2022.01.31"]
[SourceQuality "1"]

1. d4 Nf6 2. c4 c5 3. Nf3 cxd4 4. Nxd4 g6 5. Nc3 Bg7 6. g3 Nc6 7. Nxc6 bxc6 8. Qc2 0-0 9. Bg2 d5 10. Bf4 Nh5 11. Bg5 h6 12. Bd2 e6 13. Rd1 Rb8 14. 0-0 Qe7 15. Na4 Rd8 16. Bf3 Nf6 17. Rfe1 e5 18. e3 Bf5 19. Qc1 e4 20. Be2 Nd7 21. Bc3 Ne5 22. Bd4 h5 23. b3 h4 24. cxd5 cxd5 25. Qc5 Qg5 26. Bxe5 Bxe5 27. Bf1 hxg3 28. hxg3 Rbc8 29. Qa5 Rc2 30. Re2 Rxe2 31. Bxe2 Bxg3 32. Kf1 Bh3+ 33. Ke1 Bxf2+ 34. Kd2 Qxe3+ 0-1

[Event "Araruama op 1st"]
[Site "Araruama"]
[Date "2021.06.05"]
[Round "5"]
[White "Campos, Alexandre Ferreira"]
[Black "Marcondes, Igor Dalcol"]
[Result "1-0"]
[WhiteElo "2047"]
[BlackElo "1767"]
[PlyCount "103"]
[EventDate "2021.06.02"]
[EventType "tourn"]
[EventRounds "6"]
[EventCountry "BRA"]
[SourceTitle "CBM 203 Extra"]
[Source "ChessBase"]
[SourceDate "2021.09.30"]
[SourceVersion "1"]
[SourceVersionDate "2021.09.30"]
[SourceQuality "1"]

1. Nf3 g6 2. d4 Nf6 3. c4 c5 4. b3 Bg7 5. Bb2 0-0 6. e3 d6 7. Be2 Nbd7 8. 0-0 Re8 9. Nc3 a6 10. Qc2 e5 11. dxe5 dxe5 12. e4 Qe7 13. Rfd1 b6 14. Nd2 Nb8 15. Nd5 Nxd5 16. cxd5 f5 17. f3 f4 18. a4 a5 19. Bb5 Bd7 20. d6 Qd8 21. Bf1 Nc6 22. Nc4 Rc8 23. Qd2 h5 24. Rac1 Kh7 25. Bc3 Rb8 26. Na3 g5 27. Bb5 Nd4 28. Bxd4 exd4 29. Bxd7 Qxd7 30. Nc4 Be5 31. Qd3 Kh6 32. Re1 Re6 33. Re2 Bxd6 34. e5 Bc7 35. Qf5 Rbe8 36. h4 Qg7 37. Rce1 Qg6 38. hxg5+ Qxg5 39. Qe4 h4 40. Kf1 Rf8 41. Qd5 Qf5 42. Re4 Rfe8 43. Qd7 R8e7 44. Qc8 h3 45. g3 Re8 46. Qd7 R8e7 47. Qc8 Qg6 48. Qf8+ Rg7 49. Qxf4+ Kh7 50. Qh4+ Kg8 51. Qxh3 Rh7 52. Qg4 1-0

[Event "Araruama op 1st"]
[Site "Araruama"]
[Date "2021.06.02"]
[Round "1"]
[White "Campos, Alexandre Ferreira"]
[Black "De Carvalho, Amauri"]
[Result "1-0"]
[WhiteElo "2047"]
[BlackElo "1202"]
[PlyCount "69"]
[EventDate "2021.06.02"]
[EventType "tourn"]
[EventRounds "6"]
[EventCountry "BRA"]
[SourceTitle "CBM 203 Extra"]
[Source "ChessBase"]
[SourceDate "2021.09.30"]
[SourceVersion "1"]
[SourceVersionDate "2021.09.30"]
[SourceQuality "1"]

1. g3 Nf6 2. Bg2 d6 3. d4 c6 4. c4 g6 5. Nc3 Bg7 6. Nf3 0-0 7. 0-0 Re8 8. Qc2 Nbd7 9. Bg5 e5 10. dxe5 Nxe5 11. Nxe5 dxe5 12. Rad1 Qc7 13. Qc1 Bf5 14. h3 Rad8 15. Kh2 h5 16. Rxd8 Rxd8 17. e4 Be6 18. b3 Qa5 19. Qe3 Rd6 20. Na4 Nd7 21. Qc1 b6 22. Qc2 Kh7 23. Be3 Bh6 24. f4 Kg7 25. c5 bxc5 26. fxe5 Nxe5 27. Qb2 c4 28. Bc5 Rd2 29. Qxe5+ Kh7 30. Qc3 Qa6 31. Rf2 Rd3 32. Qe1 Qb7 33. Bf1 Rd7 34. e5 Bf8 35. Bd6 1-0

[Event "Florianopolis op 6th"]
[Site "Florianopolis"]
[Date "2020.01.26"]
[Round "10"]
[White "Campos, Alexandre Ferreira"]
[Black "Sztokbant, Bernardo Vainzoff"]
[Result "0-1"]
[WhiteElo "2056"]
[BlackElo "2175"]
[PlyCount "42"]
[EventDate "2020.01.20"]
[EventType "swiss"]
[EventRounds "10"]
[EventCountry "BRA"]
[SourceTitle "CBM 194 Extra"]
[Source "ChessBase"]
[SourceDate "2020.03.31"]
[SourceVersion "1"]
[SourceVersionDate "2020.03.31"]
[SourceQuality "1"]

1. g3 d5 2. Bg2 Nf6 3. c4 e6 4. d4 Be7 5. Nc3 0-0 6. cxd5 exd5 7. Nf3 c6 8. a3 Re8 9. 0-0 Bf5 10. Re1 Nbd7 11. Bg5 h6 12. Bxf6 Bxf6 13. b4 a6 14. Qb3 Nb6 15. a4 Nc4 16. e4 dxe4 17. Ne5 Qxd4 18. Rad1 Qxe5 19. Nxe4 b5 20. axb5 axb5 21. f4 Qb2 0-1

[Event "Florianopolis op 6th"]
[Site "Florianopolis"]
[Date "2020.01.25"]
[Round "9"]
[White "Campos, Alexandre Ferreira"]
[Black "Cordioli, Jairo Ribeiro"]
[Result "1-0"]
[WhiteElo "2056"]
[BlackElo "1792"]
[PlyCount "97"]
[EventDate "2020.01.20"]
[EventType "swiss"]
[EventRounds "10"]
[EventCountry "BRA"]
[SourceTitle "CBM 194 Extra"]
[Source "ChessBase"]
[SourceDate "2020.03.31"]
[SourceVersion "1"]
[SourceVersionDate "2020.03.31"]
[SourceQuality "1"]

1. e4 c5 2. Nf3 d6 3. Bb5+ Bd7 4. Bxd7+ Qxd7 5. 0-0 Nc6 6. c3 Nf6 7. Re1 e6 8. d4 Be7 9. Bg5 0-0 10. Bxf6 Bxf6 11. dxc5 Rfd8 12. cxd6 Qxd6 13. Qxd6 Rxd6 14. Na3 Rd3 15. Rad1 Rad8 16. Rxd3 Rxd3 17. Kf1 a6 18. Ke2 Rd8 19. Rd1 Rb8 20. Nc2 b5 21. Rd6 Rc8 22. Ncd4 Nxd4+ 23. Nxd4 b4 24. cxb4 Kf8 25. f4 Bxd4 26. Rxd4 Rc2+ 27. Rd2 Rc4 28. Kd3 Rxb4 29. b3 Ke7 30. g3 e5 31. fxe5 Ke6 32. Rf2 Rb7 33. Ke3 Kxe5 34. Rf5+ Ke6 35. Ra5 Rb6 36. Kd4 f6 37. h4 Rb4+ 38. Ke3 Rb6 39. Kf4 g6 40. g4 h6 41. g5 fxg5+ 42. hxg5 h5 43. Rc5 Kd6 44. Rc8 Ke7 45. Rc7+ Kf8 46. Rc4 Kf7 47. b4 Rd6 48. a3 Rd1 49. Rc6 1-0

[Event "Florianopolis op 6th"]
[Site "Florianopolis"]
[Date "2020.01.20"]
[Round "1"]
[White "Campos, Alexandre Ferreira"]
[Black "Weise, William Ferreira"]
[Result "1-0"]
[WhiteElo "2056"]
[BlackElo "1805"]
[PlyCount "57"]
[EventDate "2020.01.20"]
[EventType "swiss"]
[EventRounds "10"]
[EventCountry "BRA"]
[SourceTitle "CBM 194 Extra"]
[Source "ChessBase"]
[SourceDate "2020.03.31"]
[SourceVersion "1"]
[SourceVersionDate "2020.03.31"]
[SourceQuality "1"]

1. e4 e6 2. d3 d5 3. Nd2 Nf6 4. g3 c5 5. Bg2 Be7 6. Ngf3 Nc6 7. 0-0 0-0 8. c3 Qc7 9. Re1 b5 10. a4 b4 11. e5 Nd7 12. d4 bxc3 13. bxc3 c4 14. Ba3 Qa5 15. Qc2 Rb8 16. Bxe7 Nxe7 17. Ng5 Ng6 18. h4 h6 19. h5 hxg5 20. hxg6 Nb6 21. gxf7+ Rxf7 22. Nf3 g4 23. Nh2 Bd7 24. Nxg4 Nxa4 25. Qg6 Kf8 26. Ra3 Rb3 27. Rea1 Rxc3 28. Rxa4 Bxa4 29. Qxe6 1-0

[Event "Rio de Janeiro Estadual-ch"]
[Site "Rio de Janeiro"]
[Date "2019.10.05"]
[Round "6"]
[White "Campos, Alexandre Ferreira"]
[Black "Souza, Iago Henrique Da Si"]
[Result "1-0"]
[WhiteElo "2060"]
[BlackElo "2040"]
[PlyCount "79"]
[EventDate "2019.09.28"]
[EventType "swiss"]
[EventRounds "6"]
[EventCountry "BRA"]
[SourceTitle "EXT 2021"]
[Source "ChessBase"]
[SourceDate "2020.10.23"]
[SourceVersion "1"]
[SourceVersionDate "2020.10.23"]
[SourceQuality "1"]

1. c4 Nf6 2. g3 c6 3. Bg2 d5 4. cxd5 cxd5 5. Nf3 g6 6. d4 Bg7 7. 0-0 Nc6 8. Ne5 0-0 9. Nc3 Be6 10. Bf4 Nh5 11. Nxc6 bxc6 12. Be3 Rb8 13. Na4 Qc8 14. Rc1 Nf6 15. Qd2 Bh3 16. f3 Bxg2 17. Kxg2 Qa6 18. b3 Nd7 19. Rc2 e5 20. Rfc1 exd4 21. Bxd4 Bxd4 22. Qxd4 Rfe8 23. e4 Ne5 24. Nc5 Qb5 25. f4 Ng4 26. h3 Nh6 27. Nd7 c5 28. Nf6+ Kf8 29. Nxh7+ Kg8 30. Nf6+ Kf8 31. Qxc5+ Qxc5 32. Rxc5 Red8 33. Rxd5 Kg7 34. Nd7 Rb4 35. Kf3 Ng8 36. Rc7 Ne7 37. Rd3 Re8 38. Ne5 Kf8 39. Rdd7 Rb5 40. Rxa7 1-0

[Event "Rio de Janeiro Estadual-ch"]
[Site "Rio de Janeiro"]
[Date "2019.09.29"]
[Round "3"]
[White "Simoes Jr, Egydio Oman"]
[Black "Campos, Alexandre Ferreira"]
[Result "1-0"]
[WhiteElo "1853"]
[BlackElo "2060"]
[PlyCount "70"]
[EventDate "2019.09.28"]
[EventType "swiss"]
[EventRounds "6"]
[EventCountry "BRA"]
[SourceTitle "EXT 2020"]
[Source "ChessBase"]
[SourceDate "2019.10.17"]
[SourceVersion "1"]
[SourceVersionDate "2019.10.17"]
[SourceQuality "1"]

1. e4 c5 2. Nf3 Nc6 3. d4 cxd4 4. Nxd4 e5 5. Nb5 a6 6. N5a3 Nf6 7. Bg5 Qa5+ 8. Bd2 Qc7 9. Bd3 b5 10. c4 Nb4 11. Bxb4 Bxb4+ 12. Nd2 Qd6 13. Qe2 Bb7 14. cxb5 0-0 15. Nac4 Qd4 16. 0-0 axb5 17. Nf3 bxc4 18. Nxd4 cxd3 19. Qxd3 exd4 20. Qb3 Ba6 21. Qxb4 Bxf1 22. Kxf1 Nxe4 23. Qxd4 Nf6 24. a4 Rfc8 25. a5 d5 26. a6 Rc4 27. Qb6 Rcc8 28. a7 Ne4 29. Qb7 Rd8 30. f3 Nc5 31. Qb6 Ne6 32. b4 d4 33. b5 g5 34. Qc6 d3 35. b6 d2 1-0

[Event "Niteroi op 1st"]
[Site "Niteroi"]
[Date "2019.09.06"]
[Round "5"]
[White "Campos, Alexandre Ferreira"]
[Black "Jorge, Denrick Cabral Jose"]
[Result "1-0"]
[WhiteElo "2060"]
[BlackElo "1866"]
[PlyCount "73"]
[EventDate "2019.09.04"]
[EventType "swiss"]
[EventRounds "7"]
[EventCountry "BRA"]
[SourceTitle "EXT 2020"]
[Source "ChessBase"]
[SourceDate "2019.10.17"]
[SourceVersion "1"]
[SourceVersionDate "2019.10.17"]
[SourceQuality "1"]

1. g3 g6 2. c4 Nf6 3. d4 Bg7 4. Nf3 0-0 5. Bg2 c5 6. 0-0 d5 7. cxd5 Nxd5 8. dxc5 Nc6 9. e4 Ndb4 10. Nc3 Qa5 11. a3 Rd8 12. Bd2 Nd3 13. b4 Qc7 14. Qb3 Be6 15. Nd5 Bxd5 16. exd5 Bxa1 17. Rxa1 Nce5 18. Nd4 a5 19. f4 Nxc5 20. bxc5 Qxc5 21. Be3 Ng4 22. Rc1 Qa7 23. a4 Rac8 24. Rxc8 Rxc8 25. Nc6 Qa8 26. Nxe7+ Kf8 27. Nxc8 Nxe3 28. Qa3+ Kg7 29. Qc3+ Kh6 30. Qxe3 Qxc8 31. h3 Qc2 32. f5+ Kg7 33. Qd4+ f6 34. fxg6 hxg6 35. d6 Qc1+ 36. Kh2 Qa1 37. Qxa1 1-0

[Event "Rio de Janeiro Cortinhas Memorial 3rd"]
[Site "Rio de Janeiro"]
[Date "2019.05.01"]
[Round "5"]
[White "Souza, Iago Henrique Da Si"]
[Black "Campos, Alexandre Ferreira"]
[Result "1/2-1/2"]
[WhiteElo "2029"]
[BlackElo "2055"]
[PlyCount "20"]
[EventDate "2019.04.27"]
[EventType "swiss"]
[EventRounds "6"]
[EventCountry "BRA"]
[SourceTitle "CBM 190 Extra"]
[Source "ChessBase"]
[SourceDate "2019.07.15"]
[SourceVersion "1"]
[SourceVersionDate "2019.07.15"]
[SourceQuality "1"]

1. c4 c5 2. Nc3 Nc6 3. e4 e5 4. g3 g6 5. Bg2 Bg7 6. Nge2 Nge7 7. 0-0 0-0 8. d3 d6 9. Be3 Be6 10. Qd2 Qd7 1/2-1/2

[Event "Florianopolis op 5th"]
[Site "Florianopolis"]
[Date "2019.01.25"]
[Round "7"]
[White "Campos, Alexandre Ferreira"]
[Black "Cruz, William Ferreira Da"]
[Result "0-1"]
[WhiteElo "2073"]
[BlackElo "2232"]
[PlyCount "67"]
[EventDate "2019.01.21"]
[EventType "swiss"]
[EventRounds "10"]
[EventCountry "BRA"]
[SourceTitle "CBM 188 Extra"]
[Source "ChessBase"]
[SourceDate "2019.02.26"]
[SourceVersion "1"]
[SourceVersionDate "2019.02.26"]
[SourceQuality "1"]

1. Nf3 Nf6 2. c4 g6 3. g3 Bg7 4. Bg2 0-0 5. 0-0 d6 6. d4 Nbd7 7. Nc3 e5 8. dxe5 dxe5 9. h3 c6 10. Qc2 Re8 11. a3 a5 12. Rb1 Nc5 13. Rd1 Qc7 14. e4 Nfxe4 15. Nxe4 Nxe4 16. b4 axb4 17. axb4 Nd6 18. Qe2 Be6 19. Nd2 Ra2 20. Bb2 Bf5 21. c5 Nb5 22. Be4 Bxh3 23. g4 Rxb2 24. Rxb2 Nc3 25. Qf3 Nxd1 26. Qxd1 Qd7 27. g5 Qd8 28. Kh2 Be6 29. b5 Qxg5 30. bxc6 bxc6 31. Bxc6 e4 32. Nxe4 Qh4+ 33. Kg1 Bxb2 34. Qe2 0-1